Normal view
MARC view
- Pakistan Institute Of Management Pim
Entry Personal Name
001 - CONTROL NUMBER
- control field: 58794
003 - CONTROL NUMBER IDENTIFIER
- control field: NUST
005 - DATE AND TIME OF LATEST TRANSACTION
- control field: 20210628202219.0
008 - FIXED-LENGTH DATA ELEMENTS
- fixed length control field: 210628|| aca||aabn | a|a d
040 ## - CATALOGING SOURCE
- Original cataloging agency: NUST
- Transcribing agency: NUST
100 ## - HEADING--PERSONAL NAME
- Personal name: Pakistan Institute Of Management Pim
670 ## - SOURCE DATA FOUND
- Source citation: Work cat.: (NUST): Pakistan Institute Of Management Pim, Materials management, 2002
